Normal view MARC view

Entry Personal Name

Number of records used in: 1

001 - CONTROL NUMBER

  • control field: 52664

003 - CONTROL NUMBER IDENTIFIER

  • control field: OSt

005 - DATE AND TIME OF LATEST TRANSACTION

  • control field: 20250505154709.0

008 - FIXED-LENGTH DATA ELEMENTS

  • fixed length control field: 250505|| aca||aabn | a|a d

040 ## - CATALOGING SOURCE

  • Original cataloging agency: OSt
  • Transcribing agency: OSt

100 ## - HEADING--PERSONAL NAME

  • Personal name: Natan-Krup, Dana and Mizrahi, Shlomo

670 ## - SOURCE DATA FOUND

  • Source citation: Work cat.: (OSt): Natan-Krup, Dana and Mizrahi, Shlomo , Public accountability and bureaucratic discretion: Why do internal auditors stretch the boundaries of their role?

Powered by Koha